Una mina de explotación incaica (Record no. 25785)

MARC details
000 -LEADER
campo de control de longitud fija 01594aam a2200421 i 4500
001 - NÚMERO DE CONTROL
campo de control MOR01000025804
005 - FECHA Y HORA DE LA ÚLTIMA TRANSACCIÓN
campo de control 20260331111620.0
007 - CAMPO FIJO DE DESCRIPCIÓN FÍSICA--INFORMACIÓN GENERAL
campo de control de longitud fija ta
008 - DATOS DE LONGITUD FIJA--INFORMACIÓN GENERAL
campo de control de longitud fija 890606s1971 cl ae g s 000 0 spa d
035 ## - NÚMERO DE CONTROL DEL SISTEMA
Número de control de sistema 892453
040 ## - FUENTE DE CATALOGACIÓN
Centro catalogador/agencia de origen mxcmmo
Lengua de catalogación spa
Normas de descripción rda
Centro/agencia transcriptor mxcmmo
041 0# - CÓDIGO DE IDIOMA
Código de lengua del texto/banda sonora o título independiente spa
043 ## - CÓDIGO DE ÁREA GEOGRÁFICA
Código de área geográfica nces---
082 ## - NÚMERO DE LA CLASIFICACIÓN DECIMAL DEWEY
Número de clasificación 970.002
Número de ítem MIS.35
100 1# - ENTRADA PRINCIPAL--NOMBRE DE PERSONA
Nombre de persona Iribarren, Jorge
Fechas asociadas al nombre 1908-1977
Término indicativo de función/relación autor
9 (RLIN) 48886
245 14 - MENCIÓN DEL TÍTULO
Título Una mina de explotación incaica
Resto del título : El Salvador - provincia de Atacama/
Mención de responsabilidad, etc. Jorge Iribarren
264 ## - PRODUCCIÓN, PUBLICACIÓN, DISTRIBUCIÓN, FABRICACIÓN Y COPYRIGHT
Nombre del de productor, editor, distribuidor, fabricante Sociedad Chilena de Arqueología,
Fecha de producción, publicación, distribución, fabricación o copyright 1971.
264 #1 - PRODUCCIÓN, PUBLICACIÓN, DISTRIBUCIÓN, FABRICACIÓN Y COPYRIGHT
Producción, publicación, distribución, fabricación y copyright [Chile] :
Nombre del de productor, editor, distribuidor, fabricante Universidad de Chile, Departamento de Ciencias Antropológicas y Arqueología,
Fecha de producción, publicación, distribución, fabricación o copyright 1971.
300 ## - DESCRIPCIÓN FÍSICA
Extensión páginas 267-283:
Otras características físicas ilustraciones, plano;
Dimensiones 28 cm
336 ## - TIPO DE CONTENIDO
Término de tipo de contenido texto
Código de tipo de contenido txt
Fuente rdacontent
337 ## - TIPO DE MEDIO
Nombre/término del tipo de medio sin medio
Código del tipo de medio n
Fuente rdamedia
338 ## - TIPO DE SOPORTE
Nombre/término del tipo de soporte volumen
Código del tipo de soporte nc
Fuente rdacarrier
500 ## - NOTA GENERAL
Nota general Separata de Actas del VI Congreso de Arqueología Chilena
650 #7 - PUNTO DE ACCESO ADICIONAL DE MATERIA--TÉRMINO DE MATERIA
Término de materia o nombre geográfico como elemento de entrada Antropología
Subdivisión geográfica Chile
9 (RLIN) 48887
650 #7 - PUNTO DE ACCESO ADICIONAL DE MATERIA--TÉRMINO DE MATERIA
Término de materia o nombre geográfico como elemento de entrada Arqueología
Subdivisión general Incas
9 (RLIN) 48888
710 2# - ENTRADA AGREGADA--NOMBRE DE ENTIDAD CORPORATIVA
Nombre de entidad corporativa o nombre de jurisdicción como elemento de entrada Sociedad Chilena de Arqueología
9 (RLIN) 48889
710 2# - ENTRADA AGREGADA--NOMBRE DE ENTIDAD CORPORATIVA
Nombre de entidad corporativa o nombre de jurisdicción como elemento de entrada Universidad de Chile
Unidad subordinada Departamento de Ciencias Antropologicas y Arqueologia
9 (RLIN) 48890
711 2# - ENTRADA AGREGADA--NOMBRE DE REUNIÓN
Nombre de congreso/reunión o jurisdicción como elemento de entrada Congreso de Arqueología Chilena
Número del congreso/reunión o número de parte o sección (6 :
Fecha del congreso o de la firma del tratado 1971 :
Sede del congreso/Lugar de la reunión Chile
9 (RLIN) 48891
900 ## - ELEMENTOS DE DATOS A LOCAL, LDA (RLIN)
Nombre de persona ALEPH14
Numeración 10
Títulos y otros términos asociados al nombre 20061103
Lenguaje de la obra MOR01
-- 1043
900 ## - ELEMENTOS DE DATOS A LOCAL, LDA (RLIN)
Nombre de persona BATCH-UPD
Numeración 00
Títulos y otros términos asociados al nombre 20120323
Lenguaje de la obra MOR01
-- 1734
900 ## - ELEMENTOS DE DATOS A LOCAL, LDA (RLIN)
Nombre de persona BATCH-UPD
Numeración 40
Títulos y otros términos asociados al nombre 20120321
Lenguaje de la obra MOR01
-- 1651
900 ## - ELEMENTOS DE DATOS A LOCAL, LDA (RLIN)
Nombre de persona BATCH
Numeración 00
Títulos y otros términos asociados al nombre 20120322
Lenguaje de la obra MOR01
-- 1714
900 ## - ELEMENTOS DE DATOS A LOCAL, LDA (RLIN)
Nombre de persona DYNIX
Numeración 00
Títulos y otros términos asociados al nombre 20030304
Lenguaje de la obra MOR01
-- 1717
900 ## - ELEMENTOS DE DATOS A LOCAL, LDA (RLIN)
Nombre de persona VOBO
Numeración 40
Títulos y otros términos asociados al nombre 20080828
Lenguaje de la obra MOR01
-- 1139
904 ## - ELEMENTOS DE DATOS D LOCAL, LDD (RLIN)
a UPDATE
942 ## - ELEMENTOS DE ENTRADA SECUNDARIOS (KOHA)
Código de la institución [OBSOLETO] BK
901 ## - ELEMENTOS DE DATOS A LOCAL LDA (RLIN)
a batch batch
Holdings
Estatus retirado Estado de pérdida Fuente del sistema de clasificación o colocación Estado de daño No para préstamo Colección Biblioteca de origen Biblioteca actual Ubicación en estantería Fecha de adquisición Número de inventario Total de préstamos Signatura topográfica completa Código de barras Visto por última vez Precio de reemplazo Tipo de ítem Koha
    Clasificación Decimal Dewey     Libros (General) Biblioteca Instituto Mora Biblioteca Instituto Mora Regular 21/06/1994 015448   (G)/970.002 MIS.35 33291000423018 03/09/2024 03/09/2024 Libro préstamo regular